|
|
|
|
| LEADER |
00000 a2200000 4500 |
| 001 |
RU/ROS-EDU.RU/126115 |
| 856 |
4 |
|
|u https://www.ros-edu.ru/book?id=126115
|z Перейти к просмотру издания
|
| 010 |
|
|
|a 978-5-4497-1887-7
|
| 100 |
|
|
|a 20220101d2022 |||y0rusy0250
|
| 105 |
|
|
|a y z 000zy
|
| 101 |
0 |
|
|a rus
|
| 102 |
|
|
|a RU
|
| 200 |
1 |
|
|a Русский язык за две недели
|b Электронный ресурс
|e Учебное пособие для подготовки китайских граждан к комплексному экзамену для трудящихся мигрантов
|f Е. В. Крапивник, Ли Цзюнь Лань
|
| 700 |
|
1 |
|b Е. В.
|a Крапивник
|4 070
|
| 701 |
|
1 |
|b Цзюнь
|a Лань
|
| 330 |
|
|
|a Учебное пособие предназначено для краткосрочных курсов русского языка, прежде всего для подготовки трудящихся мигрантов начального этапа обучения. Материалы книги позволяют в короткий срок (80 учебных часов) подготовить китайских граждан к сдаче экзамена по русскому языку как иностранному, истории России и основам законодательства РФ (модуль «Русский язык»). Издание содержит лексико-грамматический материал, предусмотренный элементарным уровнем владения русским языком. Предназначено для китайских граждан, желающих получить в России разрешение на работу или патент.
|
| 210 |
|
|
|a Москва
|c Ай Пи Ар Медиа
|d 2022
|
| 610 |
1 |
|
|a русский язык
|
| 610 |
1 |
|
|a РКИ
|
| 610 |
1 |
|
|a мигрант
|
| 610 |
1 |
|
|a китайский язык
|
| 610 |
1 |
|
|a обучение
|
| 610 |
1 |
|
|a история России
|
| 610 |
1 |
|
|a экзамен
|
| 610 |
1 |
|
|a законодательство РФ
|
| 610 |
1 |
|
|a лексика
|
| 610 |
1 |
|
|a грамматика
|
| 675 |
|
|
|a 811.161.1
|
| 686 |
|
|
|a 81.2
|2 rubbk
|
| 300 |
|
|
|a Книга находится в премиум-версии платформы «Русский как иностранный».
|
| 215 |
|
|
|a 145 с.
|